000 01127nam a2200265 i 4500
003 EG-ScBUE
005 20230921095926.0
008 110802s1968 u f b 000 0 ara d
040 _aEG-ScBUE
_bara
_erda
_cEG-ScBUE
_dEG-ScBUE
043 _af------
082 0 4 _222
_a966.2
_bر ي ا
100 1 _926529
_aرياض، زاهر،
_eمؤلف.
245 1 2 _aالممالك الإسلامية في غرب إفريقيا وأثرها في تجارة الذهب عبر الصحراء الكبرى /
_cدكتور زاهر رياض، معهد الدراسات الإفريقية، جامعة القاهرة.
264 1 _aالقاهرة :
_bمكتبة الأنجلو المصرية،
_c1968.
300 _a318 صفحة ؛
_c24 سم
336 _2rdacontent
_aنص
_btxt
337 _2rdamedia
_aبدون وسيط
_bn
338 _2rdacarrier
_aمجلد
_bnc
504 _aيشتمل على إرجاعات ببليوجرافية.
651 7 _aأفريقيا الغربية
_xتاريخ.
_2BUEsh
651 7 _a‪الصحراء الكبرى
_xتاريخ.
_2BUEsh
653 _cAugust2011
655 _vReading book
942 _2ddc
_cBB
999 _c15773
_d15773